ਨਿੱਕੀ ਝਾੰਨਾਂ : (Record no. 109967)

MARC details
000 -LEADER
fixed length control field 01016nam a22002537a 4500
005 - DATE AND TIME OF LATEST TRANSACTION
control field 20170123164145.0
010 ## - LIBRARY OF CONGRESS CONTROL NUMBER
LC control number B-201095
020 ## - INTERNATIONAL STANDARD BOOK NUMBER
Terms of availability 150.00
International Standard Book Number 8186745106
035 ## - SYSTEM CONTROL NUMBER
System control number B-201095
037 ## - SOURCE OF ACQUISITION
Source of stock number/acquisition Cen Lib / Ret
Stock number
040 ## - CATALOGING SOURCE
Original cataloging agency DPL
Language of cataloging PN
082 ## - DEWEY DECIMAL CLASSIFICATION NUMBER
Classification number
Item number ਬਸੰਤ
100 ## - MAIN ENTRY--PERSONAL NAME
Personal name ਬਸੰਤ ਕੁਮਾਰ ਰਤਨ
9 (RLIN) 42591
245 ## - TITLE STATEMENT
Title ਨਿੱਕੀ ਝਾੰਨਾਂ :
Statement of responsibility, etc ਬਸੰਤ ਕੁਮਾਰ ਰਤਨ
Remainder of title ਨਾਵਲ /
246 ## - VARYING FORM OF TITLE
Title proper/short title Nikki jhannan : punjabi novel /
Remainder of title by Basant Kumar Rattan
260 ## - PUBLICATION, DISTRIBUTION, ETC. (IMPRINT)
Place of publication, distribution, etc ਦਿੱਲੀ
Name of publisher, distributor, etc ਸਤਵੰਤ ਬੂਕ ਏਜੇੰਸ਼ੀ
Date of publication, distribution, etc 2006
270 ## - ADDRESS
City ਦਿੱਲੀ
Address 32-ਬੀ ਪਲਈਅਰ ਗਾਰਡਨ ਮਾਰਕੇਟ ਚਾਂਦਨੀ ਚੋਕ
Postal code 110006
300 ## - PHYSICAL DESCRIPTION
Extent 270p.
Dimensions 22cm(Hb)
650 ## - SUBJECT ADDED ENTRY--TOPICAL TERM
Topical term or geographic name as entry element ਸਾਹਿਤ -- ਪੰਜਾਬੀ
9 (RLIN) 121632
650 ## - SUBJECT ADDED ENTRY--TOPICAL TERM
Topical term or geographic name as entry element ਪੰਜਾਬੀ ਨਾਵਲ
9 (RLIN) 121633
650 ## - SUBJECT ADDED ENTRY--TOPICAL TERM
Topical term or geographic name as entry element Literature -- Punjabi
9 (RLIN) 114104
650 ## - SUBJECT ADDED ENTRY--TOPICAL TERM
Topical term or geographic name as entry element Punjabi Novel
9 (RLIN) 6285
942 ## - ADDED ENTRY ELEMENTS (KOHA)
Source of classification or shelving scheme Dewey Decimal Classification
Koha item type Punjabi Bks
Classification part
Call number suffix ਬਸੰਤ
Holdings
Withdrawn status Lost status Damaged status Not for loan Home library Current library Date acquired Source of acquisition Cost, normal purchase price Total Checkouts Full call number Barcode Date last seen Date checked out Copy number Cost, replacement price Price effective from Koha item type
        Central Library Central Library 11/01/2016 Cen Lib/Ret 150.00 1 ੳ ਬਸੰਤ B-201095 27/04/2018 16/04/2018 1 150.00 11/01/2016 Punjabi Bks

© Delhi Public Library
Hit Counter
free hit counter